000 00725nam a2200217Ii 4500
003 JO-AjNU
008 230605s9999||||xx |||||||||||||| ||und||
017 _a2000/4/1333
040 _aJO-AjNU
_bara
_erda
_cJO-AjNU
041 _aara
050 1 4 _aLB1025.N3788 2000
100 3 _aنصار، محمد يوسف مؤلف/صوالحة، معتصم م.مشارك,
_eauthor
_938379
245 0 0 _aالدراما التعليمية : نظرية وتطبيق
250 _aط1
264 3 1 _aإربد:المركز القومي للنشر،2000
300 _a136ص
336 _atext
_btxt
_2rdacontent
337 _aunmediated
_bn
_2rdamedia
338 _avolume
_bnc
_2rdacarrier
650 4 _aالدراما-التعلم
_938380
999 _aA16120
_c19688
_d19688